ARRUPE JESUIT UNIVERSITY

CORONAVIRUS -STOP THE SPREAD - CLEAN,DISINFECT,COVER

Kiswahili (Record no. 124846)

MARC details
000 -LEADER
fixed length control field 00460nam a22001457a 4500
008 - FIXED-LENGTH DATA ELEMENTS--GENERAL INFORMATION
fixed length control field 160804b xxu||||| |||| 00| 0 eng d
020 ## - INTERNATIONAL STANDARD BOOK NUMBER
International Standard Book Number 9780195734836
050 ## - LIBRARY OF CONGRESS CALL NUMBER
Classification number PL8702.I82
100 ## - MAIN ENTRY--PERSONAL NAME
Personal name Islam, Islam K. [et al...]
9 (RLIN) 24596
245 ## - TITLE STATEMENT
Title Kiswahili
Statement of responsibility, etc / Islam K. Islam [et al...]
260 ## - PUBLICATION, DISTRIBUTION, ETC. (IMPRINT)
Place of publication, distribution, etc Kenya
Name of publisher, distributor, etc Oxford University Press, East Africa Ltd
Date of publication, distribution, etc 2009
300 ## - PHYSICAL DESCRIPTION
Extent viii, 240p. ;
Dimensions 25cm.
650 ## - SUBJECT ADDED ENTRY--TOPICAL TERM
Topical term or geographic name as entry element Swahili language
Chronological subdivision Grammar
9 (RLIN) 24597
942 ## - ADDED ENTRY ELEMENTS (KOHA)
Source of classification or shelving scheme Library of Congress Classification
Item type Monograph ( Printed materials)
Holdings
Withdrawn status Lost status Source of classification or shelving scheme Damaged status Not for loan Collection code Home library Current library Shelving location Date acquired Total Checkouts Full call number Barcode Date last seen Price effective from Koha item type
    Library of Congress Classification     Main Collection ARRUPE LIBRARY ARRUPE LIBRARY Main Collection 04/08/2016   PL8702.I82 46500009325 27/03/2019 04/08/2016 Monograph ( Printed materials)

 

Arrupe Library. PO Box MP320 Mt Pleasant, Harare, Zimbabwe
263 242 745411|librarian@aju.ac.zw